00506cam a2200181ua 45000010005000000080039000050400009000440410012000530820012000651000021000772450018000982600032001163000009001486530035001579420007001929990015001999520110002146909131227n1976 II |||gr||||Z||||||eng aMAIN aEnglish a828 CAM aCAMUS , ALBERT . aTHE OUTSIDER  aLONDONbPENGUIN BOOKSc1976 a120. aEnglish miscellaneous writings cBK c6894d6894 001040708TBENGaMAINbMAINcEN#d1980-08-19o828 CAMp06175r2020-02-27 00:00:00t1w2020-02-27yBKzV